| Поле | Инд. | ПП | Название | Значение |
|---|---|---|---|---|
| Тип записи | a | |||
| Библиографический уровень | m | |||
| 001 | Контрольный номер | RU/IS/BASE/134575704 | ||
| 005 | Дата корректировки | 20250627132104.5 | ||
| 008 | Кодируемые данные | 20040406 | ||
| 022 | 0_ | a | ISSN | 0130-741Х |
| 041 | 0_ | a | Код языка текста | rus |
| 084 | a | Индекс другой классификации/Индекс ББК | 63.3(2)6-7; 71.044; 85.100; 84(2=411.2)6; 83.3(2=411.2)6 | |
| 090 | a | Полочн. индекс | 95.2 | |
| 097 | 00 | a | 110 | |
| 245 | 00 | a | Заглавие | Нева |
| b | Продолж. заглавия | ежемесячный литературный журнал | ||
| n | Номер части/ раздела | №3/2004 | ||
| c | Ответственность | гл. ред. Б. Н. Никольский | ||
| 260 | 00 | a | Место издания | Санкт-Петербург |
| b | Издательство | Нева | ||
| c | Дата издания | 2004 | ||
| 300 | a | Объем | 288 с. | |
| b | Иллюстрации/ тип воспроизводства | ил. | ||
| 500 | a | Примечание | Журнал | |
| 505 | 0_ | a | Форматированное содержание | "Мастеровой" с графским титулом |
| b | Автор | Грачева И. | ||
| 505 | 0_ | a | Форматированное содержание | Блокадный дневник |
| b | Автор | Кулябко В. | ||
| 505 | 0_ | a | Форматированное содержание | Бывали дни веселые |
| b | Автор | Капышев Г. | ||
| 505 | 0_ | a | Форматированное содержание | Викинги пьют воду с ладони |
| b | Автор | Кравченко А. | ||
| 505 | 0_ | a | Форматированное содержание | Двор и мир |
| b | Автор | Крыщук Н. П. | ||
| 505 | 0_ | a | Форматированное содержание | Идиоты, атлеты, Космический Прыгун и Баба Сингх |
| b | Автор | Рекшан В. О. | ||
| 505 | 0_ | a | Форматированное содержание | Из книги "Кое-что о себе" (1937) |
| b | Автор | Киплинг Дж. Р. | ||
| 505 | 0_ | a | Форматированное содержание | Куда же мы пятимся? |
| b | Автор | Кавторин В. В. | ||
| 505 | 0_ | a | Форматированное содержание | Ленинградские дворы, и не только |
| b | Автор | Грызилов В. | ||
| 505 | 0_ | a | Форматированное содержание | Лыжи |
| b | Автор | Межуев И. Р. | ||
| 505 | 0_ | a | Форматированное содержание | Мальтийская церковь святого Иоанна Иерусалимского |
| b | Автор | Августин, архимандрит (Никитин Д. Е.) | ||
| 505 | 0_ | a | Форматированное содержание | Неостывшая память |
| b | Автор | Друян Б. | ||
| 505 | 0_ | a | Форматированное содержание | Неприкосновенный запас Николы Зверева |
| b | Автор | Елагина Е. В. | ||
| 505 | 0_ | a | Форматированное содержание | Неформалы на Невском |
| b | Автор | Пономарев И. | ||
| 505 | 0_ | a | Форматированное содержание | О солдате Чонкине, Аглае Ревкиной и других |
| b | Автор | Щеглова Е. | ||
| 505 | 0_ | a | Форматированное содержание | Он не мог поступить иначе? |
| b | Автор | Хейфец М. Р. | ||
| 505 | 0_ | a | Форматированное содержание | От Чонкина до Чонкина |
| b | Автор | Пономарев Е. Р. | ||
| 505 | 0_ | a | Форматированное содержание | Охота с кукуем |
| b | Автор | Медведев В. Н. | ||
| 505 | 0_ | a | Форматированное содержание | Петербургский знак колокола |
| b | Автор | Захаревич Е. | ||
| 505 | 0_ | a | Форматированное содержание | Проза в стихах |
| b | Автор | Гандельсман В. | ||
| 505 | 0_ | a | Форматированное содержание | Русский мир |
| b | Автор | Столяров А. М. | ||
| 505 | 0_ | a | Форматированное содержание | Скверная история |
| b | Автор | Смирнов В. | ||
| 505 | 0_ | a | Форматированное содержание | Стихи |
| b | Автор | Городницкий А. М. | ||
| 505 | 0_ | a | Форматированное содержание | Стихи |
| b | Автор | Максимов В. Г. | ||
| 505 | 0_ | a | Форматированное содержание | Стихи |
| b | Автор | Мякишев Е. Е. | ||
| 505 | 0_ | a | Форматированное содержание | Стихи |
| b | Автор | Ширали В. Г. | ||
| 505 | 0_ | a | Форматированное содержание | Счастливый бонус |
| b | Автор | Никитайская Н. Н. | ||
| 505 | 0_ | a | Форматированное содержание | Сэр Обадия и его зонтик |
| b | Автор | Зиник З. | ||
| 505 | 0_ | a | Форматированное содержание | Улица графа Поссена |
| b | Автор | Долохов П. М. | ||
| 505 | 0_ | a | Форматированное содержание | Шлюха |
| b | Автор | Мейлахс П. А. | ||
| 600 | 14 | a | Персоналии | Войнович Владимир Николаевич |
| a | Персоналии | Горбовский Глеб Яковлевич | ||
| a | Персоналии | Зверев Николай Сергеевич | ||
| a | Персоналии | Мандельштам Осип Эмильевич | ||
| a | Персоналии | Набоков Владимир Владимирович | ||
| a | Персоналии | Рильке Райнер Мария | ||
| a | Персоналии | Толстой Федор Петрович | ||
| a | Персоналии | Черешня Валерий Самуилович | ||
| 650 | 04 | a | Основная рубрика | литературоведение |
| a | Основная рубрика | художественная литература | ||
| 653 | 0_ | a | Ключевые слова | "Жизнь и необычайные приключения солдата Ивана Чонкина" |
| a | Ключевые слова | "Тишина" | ||
| a | Ключевые слова | XX век | ||
| a | Ключевые слова | архитектура | ||
| a | Ключевые слова | блокада Ленинграда | ||
| a | Ключевые слова | городская культура | ||
| a | Ключевые слова | живопись | ||
| a | Ключевые слова | искусство | ||
| a | Ключевые слова | история | ||
| a | Ключевые слова | колокола | ||
| a | Ключевые слова | культура | ||
| a | Ключевые слова | литературная критика | ||
| a | Ключевые слова | Мальтийская капелла | ||
| a | Ключевые слова | неформальные организации | ||
| a | Ключевые слова | новейшее время | ||
| a | Ключевые слова | путешествия | ||
| a | Ключевые слова | религия | ||
| a | Ключевые слова | Россия | ||
| a | Ключевые слова | русская литература | ||
| a | Ключевые слова | Санкт-Петербург | ||
| a | Ключевые слова | церковная архитектура | ||
| a | Ключевые слова | экономические проблемы | ||
| 700 | 12 | a | Автор | Никольский Б. Н. |
| e | Роль лиц | редактор | ||
| 700 | 12 | a | Автор | Максимов В. Г. |
| q | Полное имя | Максимов Виктор Григорьевич | ||
| 700 | 12 | a | Автор | Зиник З. |
| q | Полное имя | Зиник Зиновий | ||
| 700 | 12 | a | Автор | Никитайская Н. Н. |
| q | Полное имя | Никитайская Наталия Николаевна | ||
| 700 | 12 | a | Автор | Городницкий А. М. |
| q | Полное имя | Городницкий Александр Моисеевич | ||
| 700 | 12 | a | Автор | Мейлахс П. А. |
| q | Полное имя | Мейлахс Павел Александрович | ||
| 700 | 12 | a | Автор | Ширали В. Г. |
| q | Полное имя | Ширали Виктор Гейдарович | ||
| 700 | 12 | a | Автор | Долохов П. М. |
| q | Полное имя | Долохов Павел Маркович | ||
| 700 | 12 | a | Автор | Межуев И. Р. |
| q | Полное имя | Межуев Игорь Рафаэльевич | ||
| 700 | 12 | a | Автор | Мякишев Е. Е. |
| q | Полное имя | Мякишев Евгений Евгеньевич | ||
| 700 | 12 | a | Автор | Рекшан В. О. |
| q | Полное имя | Рекшан Владимир Ольгердович | ||
| 700 | 12 | a | Автор | Медведев В. Н. |
| q | Полное имя | Медведев Владимир Николаевич | ||
| 700 | 12 | a | Автор | Капышев Г. К. |
| q | Полное имя | Капышев Геннадий Константинович | ||
| 700 | 12 | a | Автор | Столяров А. М. |
| q | Полное имя | Столяров Андрей Михайлович | ||
| 700 | 12 | a | Автор | Хейфец М. Р. |
| q | Полное имя | Хейфец Михаил Рувимович | ||
| 700 | 12 | a | Автор | Кавторин В. В. |
| q | Полное имя | Кавторин Владимир Васильевич | ||
| 700 | 12 | a | Автор | Пономарев Е. Р. |
| q | Полное имя | Пономарев Евгений Рудольфович | ||
| 700 | 12 | a | Автор | Щеглова Е. П. |
| q | Полное имя | Щеглова Евгения Петровна | ||
| 700 | 12 | a | Автор | Гандельсман В. А. |
| q | Полное имя | Гандельсман Владимир Аркадьевич | ||
| 700 | 12 | a | Автор | Смирнов В. |
| q | Полное имя | Смирнов Владимир | ||
| 700 | 12 | a | Автор | Августин, архимандрит (Никитин Д. Е.) |
| 700 | 12 | a | Автор | Захаревич Е. |
| q | Полное имя | Захаревич Елена | ||
| 700 | 12 | a | Автор | Пономарев И. П. |
| q | Полное имя | Пономарев Игорь Пантелеевич | ||
| 700 | 12 | a | Автор | Друян Б. |
| q | Полное имя | Друян Борис | ||
| 700 | 12 | a | Автор | Кулябко В. |
| q | Полное имя | Кулябко Владимир | ||
| 700 | 12 | a | Автор | Грызилов В. |
| q | Полное имя | Грызилов Вадим | ||
| 700 | 12 | a | Автор | Крыщук Н. П. |
| q | Полное имя | Крыщук Николай Прохорович | ||
| 700 | 12 | a | Автор | Грачева И. |
| q | Полное имя | Грачева Ирина | ||
| 700 | 12 | a | Автор | Кравченко А. |
| q | Полное имя | Кравченко Александр | ||
| 700 | 12 | a | Автор | Киплинг Дж. Р. |
| q | Полное имя | Киплинг Джозеф Редьярд | ||
| 700 | 12 | a | Автор | Елагина Е. В. |
| q | Полное имя | Елагина Елена Васильевна | ||
| 700 | 12 | a | Автор | Фрадкина Е. |
| e | Роль лиц | переводчик | ||
| 773 | 18 | w | Контрольный № источника | RU/IS/BASE/409860845 |
| 901 | t | Тип документа | s | |
| 952 | a | Тип литературы для КСУ ВШ | ЛХЖ |